[Event "Dhaka SGS op"]
[Site "Dhaka"]
[Date "2017.06.11"]
[Round "9"]
[White "Nasiruddin, Apu"]
[Black "Mohammad, Shameem"]
[Result "1-0"]
[WhiteElo "1889"]
[BlackElo "2025"]
[PlyCount "127"]
[EventDate "2017.06.03"]
[EventType "swiss"]
[EventRounds "9"]
[EventCountry "BAN"]
[SourceTitle "EXT 2024"]
[Source "ChessBase"]
[SourceDate "2023.10.10"]
[SourceVersion "1"]
[SourceVersionDate "2023.10.10"]
[SourceQuality "1"]

1. e4 d6 2. d4 g6 3. Nf3 Bg7 4. Bc4 Nf6 5. Nc3 c6 6. 0-0 b5 7. Bd3 0-0 8. a3 a6 9. h3 Bb7 10. Re1 c5 11. dxc5 dxc5 12. Bf4 e6 13. Qc1 Re8 14. Qe3 Qb6 15. Bh6 Nbd7 16. Bxg7 Kxg7 17. Rad1 c4 18. e5 Nd5 19. Nxd5 exd5 20. Bf1 Qxe3 21. Rxe3 Re7 22. c3 Rae8 23. Rde1 h6 24. g4 f6 25. e6 Nc5 26. Nd4 Kf8 27. f4 Rh7 28. f5 g5 29. Kf2 Ke7 30. Be2 Reh8 31. Rd1 Ne4+ 32. Kg2 Nc5 33. Bf3 Nd3 34. Rd2 Nf4+ 35. Kg3 h5 36. gxh5 Nxh5+ 37. Bxh5 Rxh5 38. Rh2 Rh4 39. Ne2 g4 40. Nf4 Ke8 41. Ree2 a5 42. hxg4 Rxh2 43. Rxh2 Rxh2 44. Kxh2 d4 45. cxd4 b4 46. axb4 axb4 47. d5 b3 48. Ne2 Bxd5 49. Kg3 Ke7 50. Kf4 Bc6 51. Nc3 Kd6 52. Ke3 Ke5 53. Ne2 Kd6 54. Nc3 Kc5 55. Nd1 Be8 56. Nc3 Bc6 57. Nb1 Kd5 58. Nd2 Kc5 59. Nb1 Bd5 60. Nc3 Bc6 61. Kd2 Bf3 62. e7 Bc6 63. Ne4+ Kb4 64. Kc1 1-0

[Event "Dhaka SGS op"]
[Site "Dhaka"]
[Date "2017.06.07"]
[Round "5"]
[White "Aahelee, Sarker"]
[Black "Mohammad, Shameem"]
[Result "1/2-1/2"]
[WhiteElo "1692"]
[BlackElo "2025"]
[PlyCount "89"]
[EventDate "2017.06.03"]
[EventType "swiss"]
[EventRounds "9"]
[EventCountry "BAN"]
[SourceTitle "EXT 2019"]
[Source "ChessBase"]
[SourceDate "2018.10.10"]
[SourceVersion "1"]
[SourceVersionDate "2018.10.10"]
[SourceQuality "1"]

1. e4 d6 2. d4 g6 3. Bc4 Bg7 4. Nc3 Nf6 5. Bb3 c6 6. Nf3 0-0 7. 0-0 b5 8. a3 a6 9. Nd2 Qb6 10. Ne2 c5 11. c3 Bb7 12. Bc2 cxd4 13. cxd4 e6 14. b3 Nc6 15. Bb2 Rac8 16. Re1 e5 17. d5 Ne7 18. Ng3 h5 19. Nf3 Qc5 20. Rc1 Bh6 21. Nd2 Qb6 22. Bd3 Rxc1 23. Bxc1 Rc8 24. Bb2 Ng4 25. Re2 Bf4 26. Nf3 Kh7 27. Kf1 Ng8 28. h3 Nxf2 29. Rxf2 Bxg3 30. Ng5+ Kh6 31. Nxf7+ Kg7 32. Rf3 Bh4 33. g3 Bf6 34. g4 Rf8 35. g5 Rxf7 36. gxf6+ Rxf6 37. Kg2 Qc7 38. Be2 Bc8 39. Rc3 Qd7 40. Qc2 Ne7 41. Qd3 Qa7 42. Qe3 Qxe3 43. Rxe3 Bb7 44. Bc3 Kf7 45. Bb4 1/2-1/2

[Event "Dhaka SGS op"]
[Site "Dhaka"]
[Date "2017.06.05"]
[Round "3"]
[White "Mohammad, Javed"]
[Black "Mohammad, Shameem"]
[Result "1-0"]
[WhiteElo "2164"]
[BlackElo "2025"]
[PlyCount "105"]
[EventDate "2017.06.03"]
[EventType "swiss"]
[EventRounds "9"]
[EventCountry "BAN"]
[SourceTitle "EXT 2019"]
[Source "ChessBase"]
[SourceDate "2018.10.10"]
[SourceVersion "1"]
[SourceVersionDate "2018.10.10"]
[SourceQuality "1"]

1. e4 g6 2. d4 Bg7 3. Nc3 d6 4. Nf3 Nf6 5. Bc4 c6 6. Bb3 0-0 7. h3 b5 8. a3 Bb7 9. 0-0 a6 10. Qe2 e6 11. e5 dxe5 12. dxe5 Nd5 13. Ne4 Nd7 14. Nd6 Qc7 15. c4 bxc4 16. Nxc4 a5 17. Bd2 Ba6 18. Rfe1 N5b6 19. Bxa5 Bxc4 20. Bxb6 Bxe2 21. Bxc7 Bxf3 22. gxf3 Rfc8 23. Bd6 Ra5 24. f4 Bh6 25. Re4 Nc5 26. Bxc5 Rxc5 27. Bc4 Ra5 28. b4 Ra7 29. a4 Rb8 30. Be2 Bf8 31. a5 Bxb4 32. a6 c5 33. Rd1 Rb6 34. Re3 Rc6 35. Rd8+ Kg7 36. Bb5 Rcc7 37. Bc4 Rd7 38. Rxd7 Rxd7 39. Rd3 Rc7 40. Kg2 Ba5 41. Rd6 Kf8 42. Rd8+ Ke7 43. Rb8 Ra7 44. Bb5 f6 45. Rh8 Bc7 46. Rxh7+ Kf8 47. Bc4 fxe5 48. fxe5 g5 49. Kf3 Kg8 50. Rd7 Kf8 51. Kg4 Ke8 52. Bb5 Kf8 53. Kxg5 1-0

[Event "Dhaka SGS op"]
[Site "Dhaka"]
[Date "2017.06.04"]
[Round "2"]
[White "Mohammad, Shameem"]
[Black "Abijit, Barua"]
[Result "1-0"]
[WhiteElo "2025"]
[BlackElo "1767"]
[PlyCount "67"]
[EventDate "2017.06.03"]
[EventType "swiss"]
[EventRounds "9"]
[EventCountry "BAN"]
[SourceTitle "EXT 2019"]
[Source "ChessBase"]
[SourceDate "2018.10.10"]
[SourceVersion "1"]
[SourceVersionDate "2018.10.10"]
[SourceQuality "1"]

1. d4 Nf6 2. Nf3 b6 3. g3 Bb7 4. Bg2 e6 5. 0-0 Be7 6. c4 d6 7. Nc3 Ne4 8. Qc2 Nxc3 9. bxc3 f5 10. Rd1 Be4 11. Qb3 Nd7 12. Nd2 Bxg2 13. Kxg2 0-0 14. Nf3 Bf6 15. c5 Qe7 16. cxd6 cxd6 17. Ba3 Rfd8 18. Rac1 Nf8 19. Kg1 Kh8 20. Ne5 Qe8 21. Nd3 e5 22. e3 Qe6 23. Nb4 Rac8 24. d5 Qd7 25. Nc6 Re8 26. Qb4 Rxc6 27. dxc6 Qxc6 28. Qxd6 Qf3 29. Qd5 e4 30. Qf7 Rc8 31. Bxf8 f4 32. Rd7 Qg4 33. exf4 h5 34. Rd5 1-0

[Event "BAN-chT"]
[Site "Dhaka"]
[Date "2014.11.20"]
[Round "9"]
[White "Hossain, Delwar"]
[Black "Mohammad, Shameem"]
[Result "1/2-1/2"]
[WhiteElo "2126"]
[BlackElo "2025"]
[PlyCount "30"]
[EventDate "2014.11.12"]
[EventType "team-tourn"]
[EventRounds "9"]
[EventCountry "BAN"]
[SourceTitle "CBM 163 Extra"]
[Source "ChessBase"]
[SourceDate "2014.12.23"]
[SourceVersion "1"]
[SourceVersionDate "2014.12.23"]
[SourceQuality "1"]
[WhiteTeam "Sultana Kamal Smirity Pathagar"]
[BlackTeam "Narayanganj"]
[WhiteTeamCountry "BAN"]
[BlackTeamCountry "BAN"]

1. e4 d6 2. d4 Nf6 3. Bd3 g6 4. Ne2 Bg7 5. c3 0-0 6. f3 c5 7. Be3 cxd4 8. cxd4 Nc6 9. Nbc3 Nb4 10. Bb1 a6 11. a3 Nc6 12. Ba2 b5 13. Rc1 Bb7 14. 0-0 Bc8 15. Qd2 Na5 1/2-1/2

[Event "BAN-chT"]
[Site "Dhaka"]
[Date "2014.11.13"]
[Round "2"]
[White "Barua, PJ Bakul"]
[Black "Mohammad, Shameem"]
[Result "1/2-1/2"]
[WhiteElo "1965"]
[BlackElo "2025"]
[PlyCount "86"]
[EventDate "2014.11.12"]
[EventType "team-tourn"]
[EventRounds "9"]
[EventCountry "BAN"]
[SourceTitle "EXT 2015"]
[Source "ChessBase"]
[SourceDate "2014.11.20"]
[SourceVersion "1"]
[SourceVersionDate "2014.11.20"]
[SourceQuality "1"]
[WhiteTeam "Civil Defense"]
[BlackTeam "Narayanganj"]
[WhiteTeamCountry "BAN"]
[BlackTeamCountry "BAN"]

1. e4 d6 2. d4 g6 3. c4 Bg7 4. Nc3 Nf6 5. Nf3 c6 6. Be2 0-0 7. 0-0 a6 8. a4 a5 9. h3 Na6 10. Be3 Nb4 11. Qd2 Re8 12. Rfd1 Qc7 13. Bh6 e5 14. d5 cxd5 15. cxd5 Qe7 16. Bg5 Bd7 17. Ne1 Qd8 18. f3 Qb8 19. Bb5 Bxb5 20. Nxb5 Nd7 21. Be3 b6 22. Nd3 Nxd3 23. Qxd3 Nc5 24. Bxc5 bxc5 25. Qd2 Rd8 26. g4 Rd7 27. Kg2 Qd8 28. Rh1 Qh4 29. Qf2 Bf6 30. Qxh4 Bxh4 31. Kf1 Rf8 32. Ke2 Rb8 33. Rhc1 Bd8 34. Rc3 Kf8 35. Rh1 h6 36. Kd3 Bh4 37. Ke2 Ke7 38. Rc2 Rdb7 39. Rd1 Kd7 40. Rdc1 Bg5 41. Rh1 Bh4 42. Rf1 Bg5 43. Rh1 Bh4 1/2-1/2